Score 0/40 Timer 10:00
1 Play Today
% Correct
Alcatraz
92.6%
Gandhi, Mohandas
92.1%
Boston Tea Party
91.6%
Pearl Harbor
91.1%
Roosevelt, Eleanor
91%
Bill of Rights
91%
Secret Service
90.9%
Trojan War
90.6%
Irp, Wyatt
90.6%
Edward III
90.5%
Columbus, Christopher
90.5%
Bootlegging
90.5%
Nuremberg Trials
90.2%
Kamikaze Attack
88.3%
Yalta Conference
88.2%
Washington, Martha
87.7%
Cuban Missile Crisis
87.3%
Revolutionary War
87.1%
Magna Carta
87.1%
French and Indian War
86.7%
% Correct
Ruth, George Herman 'Babe'
86.5%
Churchill, Winston
85.6%
Tutu, Desmond
85.2%
Caesar, Gaius Julius
84.6%
Malcolm X
83.9%
Sullivan, Annie
83.5%
Antietam, Battle of
82.7%
Trafalgar, Battle of
82.5%
Adams, John Quincy
81.4%
Hannibal
80%
Pickett's Charge
79.5%
Patton, George S.
79.2%
Coolidge, Calvin
76.5%
Sassoon, Vidal
76.5%
Franklin, Benjamin
76.5%
Garfield, James A.
72.1%
Paramore, John W.
70%
Castro, Fidel
69%
Johnson, Andrew
67.4%
Taylor, Zachary
59.4%
Remove Ads.
Support Sporcle.
Get the best of Sporcle when you Go Orange. This ad-free experience offers more features, more stats, and more fun while also helping to support Sporcle. Thank you for becoming a member.

You're not logged in!

Compare scores with friends on all Sporcle quizzes.
OR
Log In

Show Comments

Extras

Top Quizzes Today


Score Distribution

Your Account Isn't Verified!

In order to create a playlist on Sporcle, you need to verify the email address you used during registration. Go to your Sporcle Settings to finish the process.

Report this User

Report this user for behavior that violates our Community Guidelines.

Details: